Paper electrophoresis: A review of methods and results (Record no. 20596)

MARC details
000 -LEADER
fixed length control field 00334nam a2200121Ia 4500
082 ## - DEWEY DECIMAL CLASSIFICATION NUMBER
Classification number 543.545
Item number RIB
100 ## - MAIN ENTRY--AUTHOR NAME
Personal name Ribeiro, L
245 #0 - TITLE STATEMENT
Title Paper electrophoresis: A review of methods and results
260 ## - PUBLICATION, DISTRIBUTION, ETC. (IMPRINT)
Place of publication Amsterdam
Name of publisher Elsevier
Year of publication 1961
650 ## - SUBJECT ADDED ENTRY--TOPICAL TERM
Topical Term Paper electrophoresis
942 ## - ADDED ENTRY ELEMENTS (KOHA)
Koha item type Books
Holdings
Withdrawn status Lost status Damaged status Not for loan Home library Current library Date acquired Cost, normal purchase price Full call number Accession Number Koha item type
        RRII Library RRII Library 16/12/2021 0.75 543.545 RIB 01318 Books